000 00708nam a22001697a 4500
003 AM-YeHGA
040 _aAM-YeHGA
090 _c433012
005 20250617155323.0
008 190425s ||||| |||| 00| 0 rus d
041 0 _arus
245 0 0 _aНаблюдения Метеорологической обсерватории Университета св. Владимира в Киеве, издаваемые профессором И.И. Косоноговым :
_bоктябрь, ноябрь, декабрь. 1902/
_cУниверситет св. Владимира
260 _a[Киев] :
_bБ. и.
_c[1902]
300 _a16, 17 с.,
653 0 _aМетеорология
942 _2udc
_cBK
999 _c430457
_d430457